El cisne rojo. Rip van Winkle /

"El cisne rojo" es una leyenda de los algonquinos de América del Norte. "Rip van Winle" es una leyenda de los Estados Unidos.

Guardado en:
Autor Principal: Ferro, Beatriz.
Otros Autores: Torres, Elena; il.
Formato: Libro
Idioma:Undetermined
Publicado: Buenos Aires : Página/12, 2000.
Series:Historias fantásticas de América y el mundo ; 10
Materias:
Etiquetas: Agregar Etiqueta
Sin Etiquetas, Sea el primero en etiquetar este registro!
LEADER 00819nam a22002175a 4500
001 CEM.cems021199
008 240604s2000####ag############000#0#und#d
005 20240604145745.0
245 1 0 |a El cisne rojo. Rip van Winkle /  |c Beatriz Ferro ; ilustrado por Elena Torres. 
260 |a Buenos Aires :  |b Página/12,  |c 2000. 
300 |a 32 p. 
490 1 |a Historias fantásticas de América y el mundo ;  |v 10 
520 |a "El cisne rojo" es una leyenda de los algonquinos de América del Norte. "Rip van Winle" es una leyenda de los Estados Unidos. 
020 |a 9875032522 
100 1 |a Ferro, Beatriz. 
700 1 |a Torres, Elena; il. 
653 |a Mitos 
653 |a Leyendas 
653 |a Leyendas norteamericanas 
653 |a Leyendas estadounidenses 
859 |a CEMS  |b BIB. CEMS - Inicial y Primaria  |h 398.2  |i F417-6  |k IP  |p 6030  |t Ej.1